| 000 | 01214cam a2200313 a 4500 | ||
|---|---|---|---|
| 001 | 13460655 | ||
| 003 | NUST | ||
| 005 | 20210914153505.0 | ||
| 008 | 040116r20041911nyua b 001 0 eng | ||
| 010 | _a 2004041431 | ||
| 020 | _a9780486816913 | ||
| 038 | _akhadija | ||
| 040 |
_aDLC _cDLC _dDLC |
||
| 050 | 0 | 0 |
_aQA174.2 _b.B77 2004 |
| 082 | 0 | 0 |
_a512.23 _222 _bBUR |
| 100 | 1 |
_aBurnside, William S. _d1852-1927. _934706 |
|
| 245 | 1 | 0 |
_aTheory of Groups of Finite Order / _cby W.S. Burnside. |
| 260 |
_aMineola, N.Y. : _bDover Publications, _c2017. |
||
| 300 |
_axxiv, 512 p. : _bill. ; _c23 cm. |
||
| 440 | 0 |
_aDover phoenix editions _934668 |
|
| 500 | _aOriginally published: 2nd ed. Cambridge : University Press, 1911. | ||
| 504 | _aIncludes bibliographical references and index. | ||
| 563 | _apaperback | ||
| 650 | 0 |
_aGroup theory. _910310 |
|
| 856 | 4 | 2 |
_3Publisher description _uhttp://www.loc.gov/catdir/enhancements/fy0617/2004041431-d.html |
| 906 |
_a7 _bcbc _corignew _d1 _eocip _f20 _gy-gencatlg |
||
| 942 |
_2ddc _cBK |
||
| 999 |
_c540598 _d540598 |
||